Constitucin̤ Polt̕ica de 1991 Reflexiones y desafo̕s tras treinta aǫs de su expedicin̤ /

Detalles Bibliográficos
Autor principal: Valencia Tello, Diana Carolina
Formato: eBook
Lenguaje:español
Publicado: Bogot:̀ Universidad del Rosario, 2021
Materias:
Acceso en línea:Acceso restringido

MARC

LEADER 00000nam a22000007a 4500
005 20220825002430.0
007 cr|||| ||||
008 220825s2021 co |||||s|||| 00||0 spa d
020 |a 978-958-784-832-8 
035 |a 36929 
040 |a vLex 
090 |c 13832  |d 13832 
100 1 |a Valencia Tello, Diana Carolina 
245 1 0 |a Constitucin̤ Polt̕ica de 1991  |h [Recurso electrn̤ico] :  |b Reflexiones y desafo̕s tras treinta aǫs de su expedicin̤ /  |c Diana Carolina Valencia Tello 
256 |a Servicio en ln̕ea 
260 |a Bogot:̀  |b Universidad del Rosario,  |c 2021 
300 |a 1 recurso electrn̤ico 
506 1 |a Disponible solo en los productos indicados  |d vLex Global  |d vLex Global (Academic Edition, excluding Law Schools)  |d vLex Global (U.S. Academic Edition, Law Schools)  |d vLex Global (U.S. Academic Edition, excluding Law Schools)  |d vLex Global (Academic Edition, Law Schools) 
650 0 4 |a Derecho Constitucional  |z Colombia 
740 0 |a vLex Libros (Servicio en ln̕ea) 
856 4 0 |u https://app.vlex.com/#/sources/36929  |z Acceso restringido 
942 |c BOOK 
999 0 |a Constitutional right